000 01207cam a2200241 4500
001 ABS64706
008 011018n2001 000 0 eng u
035 _a(Sirsi) u115184
100 _aMarsh$hM
245 _aClaims are heading for change
260 _c2001
490 _aEstates Gazette
_v(0141) 13 October 2001, 175(1)
520 _aDiscusses claims for terminal dilapidations. Argues that the connected issues can vary widely from the repair of covenants through to disputes over whether proposed works constitute "improvements". Notes that there is no officially approved pre-action protocol that applies directly to terminal dilapidation claims. The Property Litigation Association hopes to change this with a protocol that is intended to cater specifically for difficulties that arrise from dilapidation claims. It is an attempt to standardise and provide a benchmark for good practice in relation to claims.
590 _aABS
650 _aTERMINAL DILAPIDATIONS
650 _aPRE-ACTION PROTOCOL
650 _aPROPERTY LITIGATION ASSOCIATION
650 _aGOOD PRACTICE
650 _aLANDLORD AND TENANT ACT 1957
650 _aCIVIL PROCEDURE RULES
690 _aLAW
942 _n0
999 _c68604
_d68604